000 00712cam a22002533a 4500
001 10718
003 PGUSA
005 20140828083228.0
008 040101s2004||||xxu|||||s|||||000 1 eng d
040 _aPGUSA
_beng
042 _adc
050 4 _aPR
100 1 _aLe Queux, William,
_d1864-1927
245 1 4 _aThe House of Whispers
_h[electronic resource] /
_cWilliam Le Queux
260 _bProject Gutenberg,
_c2004
506 _aPublic domain in the USA.
516 _aElectronic text
653 _aMystery fiction
653 _aCastles -- Fiction
653 _aPerthshire (Scotland) -- Fiction
830 0 _aProject Gutenberg
_v10718
856 4 0 _uhttp://www.gutenberg.org/ebooks/10718
942 _cEB
999 _c239973
_d239973